[Event "AUTO-MASTER-740"]
[Site "http://www.queenalice.com/game.php?id=540923"]
[Date "2009.2.15"]
[Round "1"]
[White "puddschini"]
[Black "samurai"]
[Result "1-0"]
[WhiteElo "2360"]
[BlackElo "2022"]

1. e4 d5 2. exd5 Qxd5 3. Nc3 Qa5 4. d4 Nf6 5. Nf3 Bf5 6. Bc4 e6 7. Bd2 Bb4 8.
Qe2 c6 9. O-O-O Nbd7 10. a3 Bxc3 11. Bxc3 Qc7 12. Kb1 O-O-O 13. Nh4 Bg6 14. f3
Rhe8 15. Be1 Nf8 16. Bg3 Qb6 17. Nxg6 Nxg6 18. Qd2 Rd7 19. h4 Ne7 20. Qf4 Kd8
21. h5 Ned5 22. Qd2 Ne7 23. Be5 Neg8 24. Qg5 Ne7 25. Bxf6 gxf6 26. Qxf6 Kc8 27.
Qxf7 1-0

[Event "AUTO-MASTER-740"]
[Site "http://www.queenalice.com/game.php?id=540924"]
[Date "2009.2.15"]
[Round "1"]
[White "samurai"]
[Black "puddschini"]
[Result "1/2-1/2"]
[WhiteElo "2008"]
[BlackElo "2347"]

1. d4 Nf6 2. Bg5 Ne4 3. Bf4 c5 4. f3 Qa5+ 5. c3 Nf6 6. d5 Qb6 7. b3 e6 8. e4
exd5 9. exd5 Bd6 10. Bg5 Be7 11. Bc4 d6 12. Ne2 O-O 13. O-O a6 14. Nd2 Nbd7 15.
Ng3 Ne5 16. Re1 Nxd5 17. Bxe7 Nxe7 18. f4 Nxc4 19. Nxc4 Qc7 20. Qxd6 Qxd6 21.
Nxd6 Nd5 22. Re5 Nxf4 23. Rxc5 b6 24. Rxc8 1/2-1/2

[Event "AUTO-MASTER-740"]
[Site "http://www.queenalice.com/game.php?id=540933"]
[Date "2009.2.15"]
[Round "1"]
[White "eliasdiniz"]
[Black "samurai"]
[Result "0-1"]
[WhiteElo "1721"]
[BlackElo "2020"]

1. b4 e5 2. Bb2 Bxb4 3. Bxe5 Nf6 4. Nf3 O-O 5. e3 d5 6. Be2 Nc6 7. O-O Bg4 8. a4
Re8 9. Bxf6 Qxf6 10. c3 Bd6 11. h3 Bh5 12. d4 Nd8 13. Nbd2 Ne6 14. c4 dxc4 15.
Nxc4 Bf8 16. Qb3 b6 17. Nce5 c5 18. Nd7 Qe7 19. Nxf8 Nxf8 20. dxc5 Qxc5 21. Rac1
Qe7 22. Nd4 Bxe2 23. Nxe2 Rec8 24. Rxc8 Rxc8 25. Nd4 Nd7 26. Rd1 Nc5 27. Qb5 Qd6
28. a5 Ne6 29. Qd3 bxa5 30. Nxe6 Qxd3 31. Rxd3 fxe6 32. Rd6 Kf7 33. Ra6 Rc1+ 34.
Kh2 Ra1 35. Rxa7+ Kf6 36. Kg3 a4 37. f3 a3 38. Ra5 h6 39. e4 a2 0-1

[Event "AUTO-MASTER-740"]
[Site "http://www.queenalice.com/game.php?id=540934"]
[Date "2009.2.15"]
[Round "1"]
[White "samurai"]
[Black "eliasdiniz"]
[Result "1-0"]
[WhiteElo "2024"]
[BlackElo "1717"]

1. d4 Nf6 2. Bg5 e6 3. e4 d5 4. Bxf6 Qxf6 5. e5 Qd8 6. Bd3 c5 7. c3 Nc6 8. Nf3
cxd4 9. cxd4 Qb6 10. Qd2 Bd7 11. Be2 Rc8 12. Nc3 Bb4 13. O-O Na5 14. Rac1 Nc4
15. Bxc4 Rxc4 16. a3 Bxc3 17. Rxc3 Rxc3 18. Qxc3 O-O 19. Rc1 Bc6 20. b4 a6 21.
Nd2 Rc8 22. Nb3 g6 23. Qc5 Qxc5 24. Rxc5 Bd7 25. Kf1 Rxc5 26. Nxc5 Bc6 27. f4
Kf8 28. Ke2 Ke7 29. g4 h5 30. g5 Bb5+ 31. Kd2 b6 32. Nb3 Ba4 33. Nc1 Bb5 34. Na2
Kd7 35. h4 Kc6 36. Nc3 Bc4 37. Kc1 a5 38. Kb2 axb4 39. axb4 1-0

[Event "BOARD 2 - DIV. H"]
[Site "http://www.queenalice.com/game.php?id=578320"]
[Date "2009.4.26"]
[Round "4"]
[White "samurai"]
[Black "chessman"]
[Result "1-0"]
[WhiteElo "2028"]
[BlackElo "1949"]

1. d4 d5 2. Bg5 c5 3. dxc5 Qa5+ 4. Nc3 e6 5. e4 Be7 6. Qd2 Nf6 7. exd5 Qxc5 8.
O-O-O O-O 9. Nf3 a6 10. g3 exd5 11. Bxf6 Bxf6 12. Nxd5 Bd8 13. Bg2 Be6 14. Rhe1
Nc6 15. Ne5 Nxe5 16. Rxe5 Bf6 17. Nxf6+ 1-0

[Event "Duelo entre maestros Samurais"]
[Site "http://www.queenalice.com/game.php?id=599968"]
[Date "2009.6.7"]
[Round "-"]
[White "Ferdyrojo"]
[Black "samurai"]
[Result "0-1"]
[WhiteElo "2118"]
[BlackElo "2061"]

1. e4 d5 2. exd5 Qxd5 3. Nc3 Qa5 4. d4 c6 5. Bc4 Nf6 6. Nf3 Bf5 7. O-O e6 8. Bd3
Bxd3 9. Qxd3 Be7 10. Ne5 Nbd7 11. Nxd7 Nxd7 12. Bf4 O-O 13. Rfe1 Nf6 14. Ne4
Rad8 15. Nxf6+ Bxf6 16. Be5 Bxe5 0-1

[Event "Duelo entre maestros Samurais"]
[Site "http://www.queenalice.com/game.php?id=599969"]
[Date "2009.6.7"]
[Round "-"]
[White "samurai"]
[Black "Ferdyrojo"]
[Result "1-0"]
[WhiteElo "2041"]
[BlackElo "2133"]

1. d4 Nf6 2. Bg5 Ne4 3. Bf4 c5 4. f3 Nf6 5. d5 Nh5 6. Bg5 h6 7. Be3 d6 8. Nc3 g6
9. Bf2 Bg7 10. e4 Nd7 11. Bb5 a6 12. Bxd7+ Bxd7 13. Nge2 b5 14. Qd2 c4 15. O-O
O-O 16. Nd4 1-0

[Event "BOARD 2 - DIV. H"]
[Site "http://www.queenalice.com/game.php?id=619220"]
[Date "2009.7.15"]
[Round "5"]
[White "captainslog"]
[Black "samurai"]
[Result "0-1"]
[WhiteElo "1936"]
[BlackElo "2079"]

1. c4 e5 2. Nc3 Nf6 3. g3 Be7 4. Bg2 O-O 5. Nf3 Nc6 6. d4 exd4 7. Nxd4 Ne5 8. b3
d6 9. O-O Rb8 10. Nd5 Nxd5 11. cxd5 Bf6 12. f4 Ng6 13. Bb2 Bd7 14. Qd3 Re8 15.
Rac1 Bg4 16. h3 Bxe2 17. Nxe2 Bxb2 18. Rc4 Ba3 19. Bf3 Bc5+ 20. Kh2 Qe7 21. Re4
Qf8 22. Rc1 Rxe4 23. Bxe4 Re8 24. Rc2 Qe7 25. Nc3 Qf6 26. Bxg6 hxg6 27. Ne4 Qd4
28. Nxc5 dxc5 29. Qxd4 cxd4 30. Kg2 Re7 31. Kf2 Kf8 32. Rd2 Rd7 33. Rxd4 Ke7 34.
Ke3 Kd6 35. Kd3 Kc5 36. Kc3 Rxd5 37. Rc4+ Kd6 38. Rd4 Rxd4 39. Kxd4 c5+ 40. Kc4
Kc6 41. a4 b6 42. g4 a6 43. b4 b5+ 44. axb5+ axb5+ 45. Kc3 c4 46. h4 Kd5 0-1

[Event "Copa América"]
[Site "http://www.queenalice.com/game.php?id=667610"]
[Date "2009.10.15"]
[Round "1"]
[White "gedanix"]
[Black "samurai"]
[Result "0-1"]
[WhiteElo "2023"]
[BlackElo "2089"]

1. e4 d5 2. exd5 Qxd5 3. Nc3 Qa5 4. d4 Nf6 5. Nf3 Bf5 6. Ne5 c6 7. g4 Be6 8. Bg5
Nbd7 9. Bxf6 Nxf6 10. f4 Ne4 11. Qd3 Nxc3 12. Qxc3 Qxc3+ 13. bxc3 f6 14. f5 Bd5
15. Rg1 fxe5 16. dxe5 g6 17. c4 Be4 18. Bd3 Bxd3 19. cxd3 O-O-O 20. Ke2 Bg7 21.
f6 exf6 22. exf6 Bxf6 23. Rad1 Rhe8+ 24. Kd2 Bg5+ 25. Kc3 Re2 26. h3 c5 27. Rgf1
Be3 28. Kb3 Bd4 29. Rde1 Rxe1 30. Rxe1 Rd7 0-1

[Event "Copa América"]
[Site "http://www.queenalice.com/game.php?id=697809"]
[Date "2009.12.14"]
[Round "2"]
[White "samurai"]
[Black "lfcanales"]
[Result "1-0"]
[WhiteElo "2102"]
[BlackElo "2028"]

1. d4 d5 2. Nf3 Nf6 3. Bg5 Ne4 4. Bf4 Nc6 5. e3 a6 6. Be2 Bf5 7. Nbd2 e6 8. O-O
Bd6 9. Ne5 O-O 10. f3 Nxd2 11. Qxd2 Nb4 12. c3 Nc6 13. Nxc6 bxc6 14. Bxd6 cxd6
15. Bd3 Qg5 16. Rad1 c5 17. Rfe1 Bxd3 18. Qxd3 c4 19. Qc2 e5 20. e4 exd4 21.
Rxd4 dxe4 22. Qxe4 Qc5 23. Qd5 Qxd5 24. Rxd5 Rfd8 25. Red1 Kf8 26. Rxd6 Rdb8 27.
R1d2 a5 28. Rc6 Rc8 29. Rxc8+ Rxc8 30. Kf2 Ke7 31. Ke2 Ke6 32. Ke3 a4 33. Ke2 f5
34. Kd1 g5 35. Kc2 h5 36. Re2+ Kf6 37. g3 Rd8 38. Rd2 Rxd2+ 39. Kxd2 Ke5 40. Ke3
f4+ 41. gxf4+ gxf4+ 42. Kd2 Kd5 43. Kc2 Kc5 44. b4+ axb3+ 45. axb3 Kb5 46. b4
Ka4 47. Kb2 h4 48. h3 Kb5 49. Ka3 Ka6 50. Ka4 Kb6 51. b5 1-0

[Event "Copa América"]
[Site "http://www.queenalice.com/game.php?id=746474"]
[Date "2010.3.15"]
[Round "4"]
[White "samurai"]
[Black "chuckvondra"]
[Result "1-0"]
[WhiteElo "2114"]
[BlackElo "1943"]

1. b4 e5 2. Bb2 d6 3. c4 Nf6 4. e3 Be7 5. Be2 O-O 6. d3 Be6 7. Nf3 h6 8. Nbd2
Nbd7 9. Qc2 Re8 10. O-O c6 11. Rad1 Rc8 12. a3 Qc7 13. Qc3 Nb6 14. Qc2 Nbd7 15.
Rc1 a6 16. d4 exd4 17. Nxd4 Bg4 18. Bxg4 Nxg4 19. h3 Ngf6 20. Nf5 Bf8 21. Ng3 d5
22. cxd5 Nxd5 23. Nf3 Bd6 24. Ne4 Be5 25. Nxe5 Nxe5 26. Rfd1 b6 27. Rxd5 cxd5
28. Qxc7 Rxc7 29. Rxc7 dxe4 30. Ra7 Nc4 31. Bd4 a5 32. bxa5 bxa5 33. a4 Rb8 34.
Re7 Rb4 35. Rxe4 Rxa4 36. Bc3 f6 37. Kh2 Nb6 38. Rxa4 Nxa4 39. Bxa5 Nc5 40. Kg3
Kf7 41. Kf3 Ke6 42. Bb4 Nd3 43. Bc3 g6 44. Ke2 Nc5 45. Bd4 Ne4 46. Bb2 f5 47. g4
fxg4 48. hxg4 h5 49. f3 Nd6 50. gxh5 gxh5 51. e4 Kf7 52. Be5 Nc4 53. Bg3 Ke6 54.
Kd3 Nb6 55. f4 Nd7 56. Kd4 Nf6 57. f5+ Kf7 58. e5 Ng4 59. Bh4 Nh6 60. e6+ Ke8
61. Ke4 Kf8 62. Kf4 Kg7 63. Kg5 Ng8 64. Kxh5 Kf8 65. Kg6 Ke8 66. Kg7 Ne7 67.
Bxe7 1-0

[Event "AUTO-MASTER-1228"]
[Site "http://www.queenalice.com/game.php?id=836843"]
[Date "2010.9.23"]
[Round "1"]
[White "traub"]
[Black "samurai"]
[Result "0-1"]
[WhiteElo "1919"]
[BlackElo "2127"]

1. e4 d6 2. d4 Nf6 3. Nc3 Nbd7 4. f3 e5 5. d5 Be7 6. Bg5 O-O 7. f4 c6 8. Nf3 Qb6
9. Rb1 cxd5 10. exd5 e4 11. Nxe4 Nxe4 12. Nd4 Bxg5 13. fxg5 Nxg5 14. c4 Qb4+ 15.
Qd2 Re8+ 16. Be2 Qxd2+ 17. Kxd2 Ne4+ 18. Kc2 Ndf6 19. Rhf1 Bd7 20. Bd3 Rac8 21.
Rbe1 b5 22. b3 bxc4 23. bxc4 Ba4+ 24. Nb3 Nc5 25. Bf5 Rxe1 26. Rxe1 Re8 27.
Rxe8+ Nxe8 28. Kc3 g6 29. Bc2 Bd7 30. Nd4 f5 31. g3 Kg7 32. Nf3 h6 33. Kd4 Kf6
34. h3 Na6 35. a3 g5 36. Kc3 Ng7 37. Nd4 Nh5 38. g4 fxg4 39. hxg4 Ng7 40. Bd1
Ke5 41. Bf3 Ne8 42. Nb5 Kf4 43. Nd4 Bxg4 44. Bh1 Bd7 45. Ne2+ Ke3 46. Nd4 g4 47.
Bg2 h5 48. Nc2+ Kf2 49. Be4 h4 50. Ne3 Kxe3 0-1

[Event "AUTO-MASTER-1228"]
[Site "http://www.queenalice.com/game.php?id=836844"]
[Date "2010.9.23"]
[Round "1"]
[White "samurai"]
[Black "traub"]
[Result "1-0"]
[WhiteElo "2118"]
[BlackElo "2004"]

1. Nf3 d5 2. b3 c5 3. e3 Nc6 4. Bb2 e6 5. Be2 Bd6 6. d3 e5 7. Nbd2 Be6 8. O-O
Nf6 9. c4 Qc7 10. Rc1 d4 11. Ng5 dxe3 12. fxe3 Qd7 13. Nxe6 Qxe6 14. Nf3 O-O-O
15. Ng5 Qe7 16. Bf3 h6 17. Ne4 Nxe4 18. Bxe4 g6 19. Qf3 Nb4 20. a3 Na6 21. Qxf7
g5 22. Qxe7 Bxe7 23. Rf7 Rd7 24. Bf5 Kd8 25. Bxd7 Kxd7 26. Bxe5 Ke6 27. Rxe7+
Kf5 28. Bxh8 1-0

[Event "AUTO-MASTER-1228"]
[Site "http://www.queenalice.com/game.php?id=836855"]
[Date "2010.9.23"]
[Round "1"]
[White "Giant"]
[Black "samurai"]
[Result "1/2-1/2"]
[WhiteElo "2241"]
[BlackElo "2109"]

1. d4 Nf6 2. Bg5 Ne4 3. Bf4 d5 4. Nf3 c5 5. c3 Nc6 6. e3 f6 7. h3 e6 8. Nbd2
cxd4 9. exd4 Nxd2 10. Qxd2 Bd6 11. Bb5 Bxf4 12. Qxf4 Bd7 13. O-O O-O 14. Bxc6
Bxc6 15. Rfe1 Re8 16. h4 Qb8 17. Qg4 Qc7 18. Rxe6 Bd7 19. Rxe8+ Rxe8 20. Qh5 Qd6
21. Re1 Rxe1+ 22. Nxe1 Qe6 23. Nd3 Qe4 24. Nb4 Bf5 25. Nxd5 Bg4 26. Nxf6+ gxf6
27. Qb5 Qe1+ 28. Qf1 Qxf1+ 29. Kxf1 Kf7 30. f3 Be6 31. b3 b5 32. Ke2 Ke7 1/2-1/2

[Event "AUTO-MASTER-1228"]
[Site "http://www.queenalice.com/game.php?id=836856"]
[Date "2010.9.23"]
[Round "1"]
[White "samurai"]
[Black "Giant"]
[Result "0-1"]
[WhiteElo "2125"]
[BlackElo "2281"]

1. Nf3 Nf6 2. b3 g6 3. Bb2 Bg7 4. e3 O-O 5. Be2 a5 6. O-O a4 7. bxa4 c5 8. d3
Rxa4 9. c4 Ra6 10. Nc3 Nc6 11. Nb5 d6 12. h3 Re8 13. a3 b6 14. Qc2 Qd7 15. Rfd1
Bb7 16. Bc3 Rea8 17. Bb2 Ne8 18. Bxg7 Kxg7 19. Qc3+ Kg8 20. Rd2 Nc7 21. Nxc7
Qxc7 22. Qb3 Bc8 23. Rda2 e5 24. Nd2 R8a7 25. Ne4 Qe7 26. Nc3 Be6 27. Bf3 Qd7
28. Ne4 Kg7 29. Ng5 Na5 30. Nxe6+ Qxe6 31. Qc3 f6 32. Bd5 Qd7 33. Kh2 Nc6 34.
Qb3 Ne7 35. Bf3 h5 36. Rb1 h4 37. Raa1 f5 38. Qc3 Qe6 39. Qb3 g5 40. Rf1 b5 41.
Qxb5 Rxa3 42. Rxa3 Rxa3 43. Qb2 Ra4 44. Ra1 Rb4 45. Qc3 Kh6 46. Ra7 Rb8 47. Qa5
e4 48. dxe4 fxe4 49. Bg4 Qe5+ 50. g3 Rb2 51. Qe1 Nc6 52. Rf7 Nb4 53. Rf5 hxg3+
54. Kg2 gxf2 55. Qc1 f1=Q+ 56. Kxf1 Qh2 0-1

[Event "AUTO-MASTER-1228"]
[Site "http://www.queenalice.com/game.php?id=836861"]
[Date "2010.9.23"]
[Round "1"]
[White "luiz_antonio"]
[Black "samurai"]
[Result "0-1"]
[WhiteElo "1905"]
[BlackElo "2119"]

1. e4 d6 2. d4 Nf6 3. Nc3 Nbd7 4. d5 e5 5. dxe6 fxe6 6. Nf3 Be7 7. Ng5 Nb6 8.
Bd3 O-O 9. O-O h6 10. Nf3 e5 11. h3 Be6 12. b3 c6 13. a4 a5 14. Ne2 Qc7 15. Ng3
Rad8 16. Nh4 d5 17. Ng6 Rf7 18. Nxe7+ Qxe7 19. Qe2 Qc7 20. Nh5 Rdf8 21. Nxf6+
Rxf6 22. f3 c5 23. Ba3 R8f7 24. c4 d4 25. Qe1 Rg6 26. Kh1 Qe7 27. Qxa5 Qg5 28.
Rg1 Qh4 29. Qe1 Rg3 30. Ra2 Bxh3 31. Rf1 Bxg2+ 32. Kg1 Qh1+ 0-1

[Event "AUTO-MASTER-1228"]
[Site "http://www.queenalice.com/game.php?id=836862"]
[Date "2010.9.23"]
[Round "1"]
[White "samurai"]
[Black "luiz_antonio"]
[Result "1-0"]
[WhiteElo "2113"]
[BlackElo "1915"]

1. c4 e5 2. g3 Bc5 3. Bg2 Qf6 4. e3 c6 5. Nc3 d6 6. Nge2 Ne7 7. O-O a6 8. b3 b5
9. Bb2 Bb6 10. cxb5 axb5 11. Nxb5 d5 12. Nbc3 Ba6 13. Re1 Nd7 14. Na4 Ba7 15.
Rc1 O-O 16. d4 e4 17. Qd2 Rab8 18. Qa5 Bxe2 19. Rxe2 Bb6 20. Nxb6 Nxb6 21. Rec2
Qd6 22. Ba3 Qc7 23. Bxe7 Qxe7 24. Rxc6 Rfc8 25. Qxb6 Rxb6 26. Rxc8+ Qf8 27.
Rxf8+ Kxf8 28. Rc5 1-0

[Event "AUTO-MASTER-1520"]
[Site "http://www.queenalice.com/game.php?id=998655"]
[Date "2011.10.17"]
[Round "1"]
[White "samurai"]
[Black "retkat"]
[Result "0-1"]
[WhiteElo "2133"]
[BlackElo "2209"]

1. d4 d5 2. Nf3 Nf6 3. e3 e6 4. Bd3 c5 5. b3 Nc6 6. Bb2 Bd6 7. O-O cxd4 8. exd4
O-O 9. Re1 Bd7 10. Nbd2 Nb4 11. Bf1 Qc7 12. c3 Nc6 13. c4 Ng4 14. h3 Bh2+ 0-1

[Event "AUTO-MASTER-1520"]
[Site "http://www.queenalice.com/game.php?id=998656"]
[Date "2011.10.17"]
[Round "1"]
[White "retkat"]
[Black "samurai"]
[Result "1-0"]
[WhiteElo "2213"]
[BlackElo "2136"]

1. d4 Nf6 2. c4 e6 3. Nc3 c5 4. Nf3 Be7 5. e3 cxd4 6. Nxd4 O-O 7. Be2 a6 8. O-O
Qc7 9. e4 d6 10. Qd3 Nbd7 11. Qg3 Rd8 12. Be3 b6 13. Nd5 exd5 14. Nf5 Bf8 15.
Nh6+ Kh8 16. Nxf7+ Kg8 17. Nxd8 Nxe4 18. Ne6 Qb7 19. Qh4 Ndf6 20. Nxf8 Kxf8 21.
cxd5 Qxd5 22. Bf3 Bf5 23. Bxb6 Rb8 24. Rfd1 Qc6 25. Bd4 Qb5 26. Bxe4 Nxe4 27. a4
Qc4 28. f3 1-0